=LDR 00000nam 2200000 4500 =001 INLIS000000000039655 =005 20130612145253 =008 ***********************************Ind** =035 ##$$0010-061300000039655 =041 ##$$a Ind =082 ##$$a 813 =090 ##$$a 813, Sha K.2 =100 ##$$a Darren Shan =245 ##$$a Koyasan, Dharmawati =260 ##$$a 2009 $b Jakarta =300 ##$$a 120 hlm, 18 cm =700 ##$$a Dharmawati =850 ##$$a NBPNMAT =990 ##$$a 21400613/BPAP-NTB/20142014 =990 ##$$a 0001/BPAP-NTB/2016